[Event "Navarra-chT Preferente"]
[Site "Navarra"]
[Date "2012.11.10"]
[Round "5.6"]
[White "Mena Sarasola, Jesus"]
[Black "Juanco Elizari, Felix Javier"]
[Result "1/2-1/2"]
[WhiteElo "1800"]
[BlackElo "1796"]
[PlyCount "34"]
[EventDate "2012.10.13"]
[EventType "team"]
[EventRounds "7"]
[EventCountry "ESP"]
[SourceTitle "EXT 2014"]
[Source "ChessBase"]
[SourceDate "2013.11.20"]
[SourceVersion "1"]
[SourceVersionDate "2013.11.20"]
[SourceQuality "1"]
[WhiteTeam "Paz de Ziganda"]
[BlackTeam "Runa"]
[WhiteTeamCountry "ESP"]
[BlackTeamCountry "ESP"]

1. d4 d5 2. Nf3 Nf6 3. Bg5 Ne4 4. Bf4 e6 5. e3 Nd7 6. Nbd2 Ndf6 7. c3 Bd6 8. Ne5 Nxd2 9. Qxd2 Ne4 10. Qc2 f6 11. Bb5+ Kf8 12. Nd3 c6 13. Ba4 Qc7 14. f3 Ng5 15. Bxd6+ Qxd6 16. 0-0 h6 17. Rae1 Bd7 1/2-1/2